Effects of selenium supplementation on expression of adhesion molecules in corticoid-dependent asthmatics

Bibliographic Details
Main Authors: Jahnová, Eva, 1946- (Author), Horváthová, M. (Author), Gazdík, František, 1952-2010 (Author), Weissová, S. (Author)
Format: Article
Language:Slovak
English
PhysicalDescription:Graf
ISSN:0006-9248
Subjects:

MARC

LEADER 00000nab a2200000 a 4500
001 vtls000815801
003 SK-MaSNL
005 20260426165555.0
008 250429c2002 xo 0 slo
015 |a SNBRB2002/12-38977 
035 |a CLN000167456 
035 |a urn:nbn:sk:snk-abovr 
035 |a (urnnbn)urn:nbn:sk:snk:ar-a03fou 
035 |a (uuid)6ff3af17-c6c5-4002-852e-f508778e82df 
040 |a SNKBUCL  |b slo  |c SNKBUCL  |e AACR2 
041 0 |a eng 
044 |a xo  |c SK 
080 |a 616.248:615.234  |2 1997 
245 0 0 |a Effects of selenium supplementation on expression of adhesion molecules in corticoid-dependent asthmatics  |c Jahnova E. ... [et al.] 
300 |b Graf 
504 |a Res. angl. 
504 |a Bibliogr. odkazy 
650 0 7 |a selén  |2 snkbucl  |9 14981 
650 0 7 |a glutatiónperoxidáza  |2 snkbucl  |9 911809 
650 0 7 |a molekuly bunkovej adhézie  |2 snkbucl  |9 1428251 
650 0 7 |a kortikosterón  |2 snkbucl  |9 17655 
650 0 7 |a astma  |2 snkbucl  |9 2427 
650 0 7 |a leukotriény  |2 SNKPH  |9 21029 
650 0 7 |a antioxidanty  |2 snkbucl  |9 13472 
655 7 |a články z novín a časopisov  |2 snkbucl  |9 267496 
700 1 |a Jahnová, Eva,  |d 1946-  |4 aut  |9 197985 
700 1 |a Horváthová, M.  |4 aut  |9 679427 
700 1 |a Gazdík, František,  |d 1952-2010  |4 aut  |9 1637649 
700 1 |a Weissová, S.  |4 aut  |9 1427948 
773 0 |t Bratislavské lekárske listy  |g Roč. 103, č. 1 (2002), s. 12-16  |x 0006-9248 
850 |a Slovenská národná knižnica 
852 |a Slovenská národná knižnica 
954 |a odborná, vedecká literatúra pôvodná (slovenská)  |2 lita 
958 |a article27 
958 |a MI 
958 |a NB 
958 |a OND 
958 |a EUIPO 
992 |a RBX 
999 |c 3280337  |d 3282267